[Event "Kuwait Rapid op 1st"]
[Site "Kuwait City"]
[Date "2025.01.10"]
[Round "9"]
[White "Ali Hasan, Haider"]
[Black "Suresh, Sumesh"]
[Result "0-1"]
[WhiteElo "1401"]
[BlackElo "1524"]
[PlyCount "151"]
[EventDate "2025.01.09"]
[EventType "swiss (rapid)"]
[EventRounds "9"]
[EventCountry "KUW"]
[SourceTitle "CB03_2025"]
[SourceDate "2025.01.15"]
[SourceVersion "1"]
[SourceVersionDate "2025.01.15"]
[SourceQuality "1"]

1. e4 c5 2. Nf3 d6 3. Bc4 Nf6 4. 0-0 g6 5. d3 Bg7 6. Be3 0-0 7. Nc3 Nc6 8. Qd2 Bg4 9. Nh4 Ne5 10. Bb3 Bd7 11. f4 Neg4 12. f5 Nxe3 13. Qxe3 e6 14. fxg6 fxg6 15. Ne2 Ng4 16. Qg3 Nh6 17. Qxd6 Qc8 18. c3 Nf7 19. Qg3 Be5 20. Qe3 Bg7 21. g3 a5 22. Kg2 a4 23. Bc4 b5 24. Bxe6 Bxe6 25. Rf3 Bh3+ 26. Kh1 Ne5 27. Rxf8+ Qxf8 28. d4 cxd4 29. cxd4 Ng4 30. Qf4 Qxf4 31. Nxf4 Nf2+ 32. Kg1 g5 33. Nxh3 Nxh3+ 34. Kg2 gxh4 35. Kxh3 hxg3 36. hxg3 Bxd4 37. Rb1 Kf7 38. b3 a3 39. Rd1 Bb2 40. Rd7+ Kg6 41. Rd6+ Kg7 42. Rd7+ Kh8 43. Rb7 Ra5 44. e5 Bxe5 45. Re7 Bb2 46. Re8+ Kg7 47. Re7+ Kf8 48. Rxh7 Ra6 49. Rb7 Ra5 50. g4 Bc3 51. Rc7 b4 52. Rb7 Re5 53. Rb8+ Ke7 54. Rb7+ Kd8 55. Rh7 Re2 56. g5 Ke8 57. g6 Kf8 58. Ra7 Rxa2 59. Kg4 Rg2+ 60. Kh5 a2 61. g7+ Rxg7 62. Rxa2 Rb7 63. Ra8+ Ke7 64. Ra2 Kd6 65. Ra6+ Kc5 66. Ra5+ Kd4 67. Kg4 Kd3 68. Kf4 Kc2 69. Ke4 Kxb3 70. Kd3 Rd7+ 71. Ke3 Kc2 72. Ra2+ Bb2 73. Ke2 b3 74. Ra5 Bc3 75. Rb5 b2 76. Rxb2+ 0-1